| 000 -LEADER | |
|---|---|
| fixed length control field | 00404nam a22001697a 4500 |
| 005 - DATE AND TIME OF LATEST TRANSACTION | |
| control field | 20160630153835.0 |
| 008 - FIXED-LENGTH DATA ELEMENTS--GENERAL INFORMATION | |
| fixed length control field | 160630b xxu||||| |||| 00| 0 eng d |
| 020 ## - INTERNATIONAL STANDARD BOOK NUMBER | |
| ISBN | 978-81-3176162-5 |
| 041 ## - LANGUAGE CODE | |
| Language code of text/sound track or separate title | eng |
| 082 ## - DEWEY DECIMAL CLASSIFICATION NUMBER | |
| Item number | 20049 |
| 100 ## - MAIN ENTRY--AUTHOR NAME | |
| Personal name | Parashivamurthy, K I |
| 245 ## - TITLE STATEMENT | |
| Title | Material Science & Metallurgy |
| 260 ## - PUBLICATION, DISTRIBUTION, ETC. (IMPRINT) | |
| Name of publisher | Pearson |
| 300 ## - PHYSICAL DESCRIPTION | |
| Number of Pages | 258 |
| 650 ## - SUBJECT ADDED ENTRY--TOPICAL TERM | |
| Topical Term | Diploma Engineering |
| 942 ## - ADDED ENTRY ELEMENTS (KOHA) | |
| Koha item type | Books |
| Lost status | Damaged status | Collection code | Home library | Current library | Shelving location | Date acquired | Cost, normal purchase price | Full call number | Accession Number | Koha item type |
|---|---|---|---|---|---|---|---|---|---|---|
| MINING | JRU Library | JRU Library | SHELF-59-B | 30/06/2016 | 275.00 | 20049 | 20049 | Books | ||
| MINING | JRU Library | JRU Library | SHELF-59-B | 30/06/2016 | 275.00 | 20049 | 20050 | Books | ||
| JRU Library | SHELF-46-J | 30/06/2016 | 275.00 | 20049 | 20051 | Books | ||||
| JRU Library | SHELF-46-J | 30/06/2016 | 275.00 | 20049 | 20052 | Books | ||||
| JRU Library | 30/06/2016 | 275.00 | 20049 | 20053 | Books | |||||
| Reference | JRU Library | SHELF-72-D | 30/06/2016 | 275.00 | 20049 | 20054 | Books | |||
| JRU Library | SHELF-46-J | 30/06/2016 | 275.00 | 20049 | 20055 | Books | ||||
| JRU Library | SHELF-46-J | 30/06/2016 | 275.00 | 20049 | 20056 | Books | ||||
| JRU Library | SHELF-46-J | 30/06/2016 | 275.00 | 20049 | 20057 | Books | ||||
| JRU Library | SHELF-46-J | 30/06/2016 | 275.00 | 20049 | 20058 | Books |